000 00925pam a2200265 a 4500
999 _c126737
_d126737
001 1915440
003 ARRUPE
005 20170823090028.0
008 851007s1986 deua b 000 0 eng
010 _a 85024229
020 _a087207739X (pbk.)
040 _aDLC
_cDLC
_dDLC
050 0 0 _aLB1050
_b.E33 1986
082 0 0 _a428.4/07
_219
245 0 0 _aEffective teaching of reading :
_bresearch and practice /
_cedited by James V. Hoffman.
260 _aNewark, Del. :
_bInternational Reading Association,
_c1986.
300 _aviii, 317 p. :
_bill. ;
_c22 cm.
504 _aIncludes bibliographies.
650 0 _aReading
_xCase studies.
_935042
650 0 _aReading
_xResearch
_xCase studies.
_935043
700 1 _aHoffman, James V.
_935044
710 2 _aInternational Reading Association.
_935045
906 _a7
_bcbc
_corignew
_d1
_eocip
_f19
_gy-gencatlg
942 _2lcc
_cMONOGRAPH